| 000 | 00378nam a2200121Ia 4500 | ||
|---|---|---|---|
| 008 | 160609s9999 xx 000 0 und d | ||
| 100 | _aMammino, Liliana. | ||
| 245 | _aWorldwide Trends In Green Chemistry Education | ||
| 245 | _cBy:Liliana Mammino, VĂ¢nia Zuin | ||
| 260 | _c2015 | ||
| 650 | _xCHEMISTRY EDUCATION | ||
| 856 | _uhttp://file.ebook777.com/013/WorTreInGreCheEdu.pdf | ||
| 999 |
_c295940 _d295940 |
||